Fuzzy množiny typu 2 /

Guardado en:
Detalles Bibliográficos
Autor principal: Takáč, Zdenko, 1975- (Autor)
Formato: Manuscrito Libro
Lenguaje:eslovaco
Publicado: 2017
Etiquetas: Agregar Etiqueta
Sin Etiquetas, Sea el primero en etiquetar este registro!

MARC

LEADER 00000ntm a22000003a 4500
001 0065443
003 SK-STU
005 20180606101527.6
007 ta
008 180606s2018----xo-----f-mn---000-0-slo-d
040 |a STU  |b slo 
041 0 |a slo  |b slo  |b eng 
044 |a xo  |c SK 
100 1 |a Takáč, Zdenko,  |d 1975-  |u 047270  |4 aut  |r Z1  |U FCHPT Ústav informatizácie, automatizácie a matematiky  |T FCHPT Oddelenie matematiky  |X 43247  |U C7270  |Y 122  |7 A000043247 
245 1 0 |a Fuzzy množiny typu 2 /  |c aut. Zdenko Takáč 
260 |c 2017 
300 |a 248 s. 
996 |b 284V040962  |c V* 3228/HP-227  |l VVS  |s P  |a 0  |w 0065443_0001